Foreign aid policies reconsidered

保存先:
書誌詳細
第一著者: Ohlin, Goran
フォーマット: 図書
言語:Undetermined
出版事項: Paris Development centre of the organisation 1986
主題:
タグ: タグ追加
タグなし, このレコードへの初めてのタグを付けませんか!
Thư viện lưu trữ: Trung tâm Học liệu Trường Đại học Cần Thơ
LEADER 00584nam a2200193Ia 4500
001 CTU_105054
008 210402s9999 xx 000 0 und d
082 |a 332.1 
082 |b O.36 
100 |a Ohlin, Goran 
245 0 |a Foreign aid policies reconsidered 
245 0 |c Goran Ohlin 
260 |a Paris 
260 |b Development centre of the organisation 
260 |c 1986 
650 |a Developing countries,Economic assistance,Economics, Mathematical 
650 |x Finance,Developing countries 
904 |i Hiếu 
980 |a Trung tâm Học liệu Trường Đại học Cần Thơ